Idenficacion de la oferta floral melifera para las zonas asociadas a dos apiarios ubicados en los municipios de Garzon y La Argentina del departamento del Huila (Registro nro. 7797)

Detalles MARC
000 -CABECERA
Campo de control 01060nam a22002177a 4500
005 - FECHA Y HORA DE LA ULTIMA TRANSACCION
Campo de control 20150902145102.0
008 - ELEMENTOS DE LONGITUD FIJA—INFORMACION GENERAL
Campo de control 131113b2010 ck ||||| |||| 00| 0 spa d
040 ## - FUENTE DE CATALOGACIÓN
Agencia catalogadora original CO-BoIAVH
Agencia transcriptora CO-BoIAVH
041 ## - IDIOMA
Código de idioma para texto/pista de sonido o título separado Español
044 ## - PAÍS DE PUBLICACIÓN
País de publicación Colombia
090 ## - CLASIFICACIÓN LOCAL
Colección IAVH
Consecutivo 01491
100 ## - ASIENTO PRINCIPAL--NOMBRE PERSONAL
Nombre personal Rodriguez-Olaya, Guillermo
245 ## - MENCION DE TITULO
Título Idenficacion de la oferta floral melifera para las zonas asociadas a dos apiarios ubicados en los municipios de Garzon y La Argentina del departamento del Huila
Parte restante del título Elaboracion de sus respectivos calendarios florales
260 ## - PUBLICACION, DISTRIBUCION, ETC. (PIE DE IMPRENTA)
Lugar de publicación, distribución, etc. Neiva
Nombre del editor, distribuidor, etc. Instituto de Investigación de Recursos Biológicos Alexander von Humboldt
Fecha de publicación, distribución, etc. 2010
300 ## - DESCRIPCION FISICA
Extensión 123 p.
Otros detalles físicos figuras,graficos
Dimensiones 27 cm
520 ## - NOTA DE RESUMEN, ETC.
Nota de resumen El desarrollo de la investigacion tuvo una duracion de un año de trabajo de campo,en la cual se visito las fincas de los municipio de Garzon y La Argentina, donde se realizó el seguimiento de fenologia floral.
650 ## - ASIENTO SECUNDARIO DE MATERIA - TERMINO TEMATICO
Término temático o nombre geográfico como elemento de entrada Calendarios florales
650 ## - ASIENTO SECUNDARIO DE MATERIA - TERMINO TEMATICO
Término temático o nombre geográfico como elemento de entrada Apis mellifera
Subdivisión geográfica Huila
700 ## - ASIENTO SECUNDARIO - NOMBRE PERSONAL
Nombre personal Marin Sanchez- Yamile
942 ## - ELEMENTOS ADICIONALES (KOHA)
Sistema de clasificación Local
Tipo de ítem Informe Técnico
Existencias
Withdrawn status Lost status Sistema de Clasificación Damaged status No para préstamo Colección Inventariado Ubicación Permanente Ubicación actual Fecha de adquisición Total Checkouts Número topográfico Inventario / Código de Barras Date last seen Ejemplar Price effective from Forma de adquisición Tipo de material
    Local     Humboldt Inventariado 2017 Bogotá Bogotá 13/11/2013   IAVH-01491 059276 09/08/2024 Ej. 1 13/11/2013   Informe Técnico